00900nas a2200253Ia 4500001002700000003001000027008004100037040002500078041001200103100002100115210002000136222002000156240006500176245006500241250001100306260000900317501012300326300001600449362003100465500006300496650004800559700001900607700002000626A02/R018-4535 [r000001662]IT-MiCISF161014c99999999xx |||||||||||| ||und|| aIT-MiCISFcIT-MiCISF aINGLESE aYork Reginald O. aSocial Casework aSocial Casework aRural and Urban Social Work Practice: Is There a Difference? 0aRural and Urban Social Work Practice: Is There a Difference? a1a ed. c1989 bCISF - Centro Internazionale Studi Famiglia - Via Giotto, 36 20145 MILANO (non commercial uses only)cCopyright 2016 app. 201-209 avol. 70, n. 3, apr. [1989] a Tema: famiglia-urbana, famiglia-rurale, operatori-sociali aSOCIOLOGIA - servizi alla personavarticolo a Denton Roy T. a Moran James R.